000 01429naa a22003017a 4500
001 BR8801821
003 BR-BrBNA
005 20250721154558.0
007 ta
008 250630b bl.|||m| |||| 00| 0 por d
040 _aBR-BrBNA
_bpor
_cBiblioteca Nacional de Agricultura
041 _a(Pt)
072 _aP34; P35; F04
_b1300
_b1800
_b3856
090 _aP34 BR8801821
100 1 _aBlum, E.
245 1 _aEfeitos da inoculacao de micorriza na producao de materia organica de leguminosas arboreas e arbustivas
246 1 _a[Effects of mycorrhizeae inoculation in the production of legumes dry matters]
246 1 _a[Researches about soil use and soil conservation at the eastern Amazonia. Final report of the accord EMBRAPA-CPATU-GTZ]
500 _aPesquisas sobre utilizacao e conservacao do solo na Amazonia oriental. Relatorio final do convenio EMBRAPA-CPATU-GTZ Belem, PA (Brasil): 1986. p. 245-260 [Summary (Pt); 29 ref.] (BR8801821-AMS)
773 0 _tPesquisas sobre utilizacao e conservacao do solo na Amazonia oriental. Relatorio final do convenio EMBRAPA-CPATU-GTZ
_wP34 BR8801821
_gBelem, PA (Brasil), 1986. p. 245-260
650 _aMICORRIZA
650 _aINOCULACAO
650 _aMATERIA ORGANICA
650 _aLEGUMINOSA
490 _aDocumentos - Centro de Pesquisa Agropecuaria do Tropico Umido (Brazil)
_vno. 40
_xISSN 0101-2835
942 _cAMS
_2AGRIS
909 _a202506
_bLúcia
_c55
_dLúcia Elande
999 _c335789
_d335789